Hexadecimal a decimal - Estadísticas

Estadísticas generales
  • Esta prueba ha sido intentada 17 veces
  • La puntuación promedio es 7 de 10
Estadísticas de respuestas
Hexadecimal Decimal % Correcto
D 13
86%
3E 62
86%
12 18
79%
27 39
79%
38 56
71%
40 64
71%
6B 107
64%
7C 124
64%
9A 154
64%
5F 95
64%
No se encontraron pruebas coincidentes
Distribución de puntuación
Porcentaje de gente con cada puntuación
Porcentaje por número respondido
Historial de tus puntuaciones
No has intentado esta prueba.